Pittsburgh Steelers Starting offense and defense 2024-2025 - Statistics

General Stats
  • This quiz has been taken 120 times
  • The average score is 19 of 25
Answer Stats
Hint Answer % Correct
RB Najee Harris
100%
WR George Pickens
99%
QB Justin Fields
99%
WR Calvin Austin III
96%
WLB T.J. Watt
96%
RDE Cameron Heyward
91%
FS Minkah Fitzpatrick
91%
TE Pat Freiermuth
90%
PK Chris Boswell
88%
RCB Joey Porter Jr.
88%
RT Broderick Jones
82%
LILB Patrick Queen
82%
WR Van Jefferson
79%
SLB Alex Highsmith
78%
C Zach Frazier
74%
SS Deshon Elliot
71%
RG Mason McCormick
66%
LCB Donte Jackson
65%
RILB Elandon Roberts
64%
NT Keeanu Benton
62%
LG Isaac Seumalo
58%
NB Beanie Bishop Jr.
57%
P Corliss Waitman
57%
LT Dan Moore Jr.
57%
LDE Larry Ogunjobi
57%
No matching quizzes found
Score Distribution
Percent of People with Each Score
Percentile by Number Answered
Your Score History
You have not taken this quiz